000 00441nam a2200157 i 4500
001 62830
003 ES-MaACL
005 20230906164733.0
007 t|
008 031126s1967 sp ||||1| spa d
100 1 _aFernández Molina, Antonio.
_949932
245 1 3 _aLa tienda ausente /
_cA.F. Molina.
260 _aBilbao :
_bComunicación Literaria de Autores,
_c1967.
300 _a66 p. ;
_c22 cm.
852 _aES-MaACL
_jC-33271
_bR.63737
999 _c62830
_d62830